| 000 | 00000nas 2200000za 4500 |
| 001 | 9.500621 |
| 003 | CaOODSP |
| 005 | 20221107132905 |
| 007 | cr ||||||||||| |
| 008 | 150406d19661996oncar p o f0 a0eng|d |
| 022 | |a1704-622X |
| 040 | |aCaOODSP|beng |
| 041 | |aeng|afre |
| 043 | |an-cn--- |
| 086 | 1 |aMP22-1-PDF |
| 130 | 0 |aImmigration statistics (Ottawa, Ont. : Online) |
| 222 | 0|aImmigration statistics |b(Ottawa. Online) |
| 245 | 10|aImmigration statistics |h[electronic resource] = |bImmigration, statistiques. |
| 246 | 11|aImmigration, statistiques |
| 246 | 13|aStatistiques sur la citoyenneté et l'immigration|f1988-1996 |
| 246 | 13|aCitizenship and immigration statistics |
| 260 | |aOttawa : |bManpower and Immigration = Main-d'œuvre et immigration. |
| 310 | |aAnnual |
| 362 | 0 |a1966-1999 |
| 500 | |aISSN 0576-2286 for the bilingual print edition has been copied in some issues. |
| 546 | |aText in English and French. |
| 550 | |aIssued 1977-1992 by Employment and Immigration Canada; 1993-1996, Citizenship and Immigration Canada. |
| 710 | 1 |aCanada. |bCitizenship and Immigration Canada. |
| 710 | 1 |aCanada.|bManpower and Immigration. |
| 710 | 1 |aCanada.|bEmployment and Immigration Canada. |
| 792 | |tImmigration statistics |efre|w(CaOODSP)9.500622 |